Computer concepts and programming in C (Record no. 31048)

MARC details
000 -LEADER
fixed length control field 00989nam a22002417a 4500
005 - DATE AND TIME OF LATEST TRANSACTION
control field 20091026144422.0
008 - FIXED-LENGTH DATA ELEMENTS--GENERAL INFORMATION
fixed length control field 091026t xxu||||| |||| 00| 0 eng d
010 ## - LCCN (DPL NO)
LC control number ENG-95207
020 ## - INTERNATIONAL STANDARD BOOK NUMBER
International Standard Book Number 9780070153844
Terms of availability 250.00
020 ## - INTERNATIONAL STANDARD BOOK NUMBER
International Standard Book Number 0070153841
Terms of availability 250.00
035 ## - SYSTEM CONTROL NUMBER
System control number EN-78740
040 ## - CATALOGING SOURCE
Original cataloging agency DPL
082 ## - DEWEY DECIMAL CLASSIFICATION NUMBER
Classification number 005.133
100 ## - MAIN ENTRY--PERSONAL NAME
Personal name Balagurusamy, E.
245 ## - TITLE STATEMENT
Title Computer concepts and programming in C
Statement of responsibility, etc by E. Balagurusamy
Remainder of title First Semester (ECS-201), common to all branches of B.Tech first year first semester MCA (MCA-113)
260 ## - PUBLICATION, DISTRIBUTION, ETC. (IMPRINT)
Place of publication, distribution, etc New Delhi
Name of publisher, distributor, etc Tata McGraw Hill Education
Date of publication, distribution, etc 2009
270 ## - ADDRESS
Address 7, West Patel Nagar
City New Delhi
Postal code 110008
300 ## - PHYSICAL DESCRIPTION
Extent Various pagings
Dimensions 24 cm.(Pbk)
500 ## - GENERAL NOTE
General note Includes index.
650 ## - SUBJECT ADDED ENTRY--TOPICAL TERM
Topical term or geographic name as entry element C (Computer program language)
942 ## - ADDED ENTRY ELEMENTS (KOHA)
Source of classification or shelving scheme Dewey Decimal Classification
Item type English Books
Call number suffix BAL
Classification part 005.133
Holdings
Withdrawn status Lost status Source of classification or shelving scheme Damaged status Not for loan Collection code Home library Current library Date acquired Source of acquisition Cost, normal purchase price Total Checkouts Full call number Barcode Date last seen Copy number Cost, replacement price Koha item type
    Dewey Decimal Classification   Not For Loan Non-fiction D.B.Act.Division D.B.Act.Division 26/10/2009 DBAD / PUB 250.00   005.133 BAL EN-78740 26/10/2009 1 250.00 English Books

© Delhi Public Library
Hit Counter
free hit counter